🏙️Pays à partir de 5 villes (sans la capitale) #2 - Statistiques

Statistiques générales
  • Ce quiz a Ă©tĂ© pris 211 fois
  • Le rĂ©sultat moyen est 12 sur 16
Statistiques - réponses
Villes Pays % Correct
PortoBraga Coimbra SetĂşbal Funchal Portugal
99%
HambourgMunich Cologne Francfort-sur-le-Main Stuttgart Allemagne
96%
ZurichGenève Bâle Lausanne Lucerne Suisse
95%
Saint-PétersbourgNovossibirsk Iekaterinbourg Nijni Novgorod Kazan Russie
93%
CasablancaFès Tanger Marrakech Salé Maroc
90%
MedellínCali Barranquilla Carthagène des Indes Bucaramanga Colombie
88%
Durban JohannesbourgSoweto Port Elizabeth Pietermaritzburg Afrique du Sud
86%
SplitRijeka Osijek Zadar Pula Croatie
80%
CorkLimerick Galway Waterford Drogheda Irlande
74%
Dar es SalaamMwanza Arusha Zanzibar City Mbeya Tanzanie
73%
CórdobaRosario La Plata Mendoza San Miguel de Tucumán Argentine
64%
MashhadIspahan Karaj Tabriz Chiraz Iran
55%
Santiago de ... (nom du pays)Camagüey Holguín Guantánamo Santa Clara Cuba
53%
MaracaiboBarquisimeto Valencia Ciudad Guayana Barcelona Venezuela
52%
SurabayaMedan Bandung Makassar Palembang Indonésie
49%
ToamasinaAntsirabe Fianarantsoa Mahajanga Toliara Madagascar
27%
Aucun quiz correspondant
Distribution des résultats
% des personnes avec chaque résultat
Percentile par nombre de réponses
Votre historique - résultats
Vous n’avez pas pris ce quiz